Comment aider l'enfant à devenir lui-même ? : Guide de voyage à l'intention du parent (notice n° 1566871)

détails MARC
000 -LEADER
fixed length control field 01489cam a2200133 4500500
005 - DATE AND TIME OF LATEST TRANSACTION
control field 20251214002412.0
041 ## - LANGUAGE CODE
Language code of text/sound track or separate title fre
042 ## - AUTHENTICATION CODE
Authentication code dc
100 10 - MAIN ENTRY--PERSONAL NAME
Personal name de Singly, François
Relator term author
245 00 - TITLE STATEMENT
Title Comment aider l'enfant à devenir lui-même ? : Guide de voyage à l'intention du parent
260 ## - PUBLICATION, DISTRIBUTION, ETC.
Name of publisher, distributor, etc. Armand Colin,<br/>
Date of publication, distribution, etc. 2009.<br/>
520 ## - SUMMARY, ETC.
Summary, etc. C’est en fonction de l’injonction moderne de devenir soi-même que la famille a rompu avec le modèle traditionnel, dominé par l’autorité du père. Mais depuis, les psychanalystes et les pédiatres s’alarment : l’enfant serait devenu roi ou chef de la famille, et les repères auraient volé en éclats. Les parents, incompétents, démissionneraient. Ils laisseraient faire, négocieraient au lieu de faire preuve d’autorité. François de Singly s’inscrit en faux contre un tel diagnostic, asséné par maints « spécialistes ». Il propose de franchir le détroit de Messine éducatif en échappant aussi bien à Charybde déguisé en Père Fouettard qu’à Scylla en habit de papa copain. Ce livre est un guide à l’intention du parent pour l’aider à préparer un nouveau type de voyage de formation, un voyage-découverte pour que l’enfant comprenne progressivement qui il veut devenir et puisse atteindre la terre promise de nos sociétés contemporaines : un soi autonome. 
856 41 - ELECTRONIC LOCATION AND ACCESS
Uniform Resource Identifier <a href="https://shs.cairn.info/comment-aider-l-enfant-a-devenir-lui-meme--9782200353995?lang=fr&redirect-ssocas=7080">https://shs.cairn.info/comment-aider-l-enfant-a-devenir-lui-meme--9782200353995?lang=fr&redirect-ssocas=7080</a>

Pas d'exemplaire disponible.

PLUDOC

PLUDOC est la plateforme unique et centralisée de gestion des bibliothèques physiques et numériques de Guinée administré par le CEDUST. Elle est la plus grande base de données de ressources documentaires pour les Étudiants, Enseignants chercheurs et Chercheurs de Guinée.

Adresse

627 919 101/664 919 101

25 boulevard du commerce
Kaloum, Conakry, Guinée

Réseaux sociaux

Powered by Netsen Group @ 2025